Evénements du 13 novembre - Statistiques

Statistiques générales
  • Ce quiz a été pris 107 fois
  • Le résultat moyen est 5 sur 15
Statistiques - réponses
Hint Réponse % Correct
Série d'attentats en France, 130 morts 2015
90%
Michal Schumacher champion du monde de F1 pour la première fois 1994
58%
Naissance de Claude Pompidou 1912
50%
Début de la bataille de Guadalcanal dans le Pacifique 1942
46%
Claude Monet peint Impression, soleil levant 1872
42%
Mariage de Louis VII et Adèle de Champagne 1160
40%
Mort de Foulques V d'Anjou, roi de Jérusalem 1143
36%
Naissance d'Edouard III futur roi d'Angleterre 1312
35%
Mort de St Augustin d'Hippone 354
30%
Mort de Thierry Le Luron 1986
29%
Sortie du roman Le Rouge et le Noir de Stendhal 1830
23%
Mort de Vittorio De Sica, cinéaste 1974
23%
Naissance de Robert-Louis Stevenson, écrivain 1850
19%
Eruption de Nevado del Ruiz en Colombie, 25000 morts 1985
12%
Naissance d'Albert 1er de Monaco 1848
8%
Aucun quiz correspondant
Distribution des résultats
% des personnes avec chaque résultat
Percentile par nombre de réponses
Votre historique - résultats
Vous n’avez pas pris ce quiz